Načítá se...
State funding of universities: a study of maintenance grants to universities /
| Hlavní autor: | |
|---|---|
| Médium: | Printed Book |
| Vydáno: |
New Delhi:
AIU,
.
|
| Témata: |
| LEADER | 00453cam a2200133ua 4500 | ||
|---|---|---|---|
| 082 | |a 379.122 4 |b MRI/S | ||
| 100 | |a Mridula | ||
| 245 | 0 | 0 | |a State funding of universities: a study of maintenance grants to universities / |
| 260 | |a New Delhi: |b AIU, |c . | ||
| 300 | |a xiii, 187p.. | ||
| 650 | 0 | |a Higher education | |
| 942 | |c REF | ||
| 999 | |c 8481 |d 8481 | ||
| 952 | |0 0 |1 0 |4 0 |6 379_122000000000000_4_MRIS |7 0 |9 8853 |a KUCL |b KUCL |d 2014-05-23 |l 0 |o 379.122 4 MRI/S |p 01796 |r 2017-03-20 |y REF | ||